The General and I : (Record no. 4039)

MARC details
000 -LEADER
fixed length control field 01179cam a2200349 i 4500
001 - CONTROL NUMBER
control field 22904965
003 - CONTROL NUMBER IDENTIFIER
control field OSt
005 - DATE AND TIME OF LATEST TRANSACTION
control field 20240612155931.0
008 - FIXED-LENGTH DATA ELEMENTS--GENERAL INFORMATION
fixed length control field 221219s2022 ke ab b 000 0beng
010 ## - LIBRARY OF CONGRESS CONTROL NUMBER
LC control number 2022321777
020 ## - INTERNATIONAL STANDARD BOOK NUMBER
International Standard Book Number 9789914740097
040 ## - CATALOGING SOURCE
Original cataloging agency DLC
Language of cataloging eng
Description conventions rda
Transcribing agency DLC
042 ## - AUTHENTICATION CODE
Authentication code pcc
-- lcode
043 ## - GEOGRAPHIC AREA CODE
Geographic area code f-ke---
050 00 - LIBRARY OF CONGRESS CALL NUMBER
Classification number DT433.582.N59
Item number N53 2022
082 ## - DEWEY DECIMAL CLASSIFICATION NUMBER
Classification number 361
Item number NKA 2022
100 1# - MAIN ENTRY--PERSONAL NAME
Personal name Nkaisserry, Helen Pilale,
Relator term author.
245 14 - TITLE STATEMENT
Title The General and I :
Remainder of title a memoir /
Statement of responsibility, etc. Helen Pilale Nkaisserry.
264 #1 - PRODUCTION, PUBLICATION, DISTRIBUTION, MANUFACTURE, AND COPYRIGHT NOTICE
Place of production, publication, distribution, manufacture Nairobi, Kenya :
Name of producer, publisher, distributor, manufacturer Santuri Media Limited,
Date of production, publication, distribution, manufacture, or copyright notice 2022.
300 ## - PHYSICAL DESCRIPTION
Extent 569 pages :
Other physical details color illustrations, color maps ;
Dimensions 23 cm
336 ## - CONTENT TYPE
Content type term text
Content type code txt
Source rdacontent
337 ## - MEDIA TYPE
Media type term unmediated
Media type code n
Source rdamedia
338 ## - CARRIER TYPE
Carrier type term volume
Carrier type code nc
Source rdacarrier
504 ## - BIBLIOGRAPHY, ETC. NOTE
Bibliography, etc Includes bibliographical references (pages 552-554) and index.
600 10 - SUBJECT ADDED ENTRY--PERSONAL NAME
Personal name Nkaisserry, Joseph Kasaine,
Dates associated with a name 1949-2017.
650 #0 - SUBJECT ADDED ENTRY--TOPICAL TERM
Topical term or geographic name as entry element Politicians
Geographic subdivision Kenya
Form subdivision Biography.
650 #0 - SUBJECT ADDED ENTRY--TOPICAL TERM
Topical term or geographic name as entry element Generals
Geographic subdivision Kenya
Form subdivision Biography.
651 #0 - SUBJECT ADDED ENTRY--GEOGRAPHIC NAME
Geographic name Kenya
General subdivision Politics and government.
906 ## - LOCAL DATA ELEMENT F, LDF (RLIN)
a 7
b cbc
c origode
d 2
e ncip
f 20
g y-gencatlg
942 ## - ADDED ENTRY ELEMENTS (KOHA)
Source of classification or shelving scheme Dewey Decimal Classification
Koha item type Books
Holdings
Withdrawn status Lost status Source of classification or shelving scheme Damaged status Not for loan Home library Current library Date acquired Total Checkouts Full call number Barcode Date last seen Date last checked out Price effective from Koha item type
    Dewey Decimal Classification     Bunge Tower Library Bunge Tower Library 06/12/2024 4 361 NKA 2022 2024-0001 05/21/2026 05/21/2026 06/12/2024 Books
LIBRARY OPENING HOURS

When the Parliament is sitting: 8.00a.m - 7.00p.m or until the house adjourns
Mondays and Fridays and when the House is on Recess:  8.00a.m - 5.00p.m
Closed on Weekends and Public Holidays

Online Public Access Catalog (OPAC)
Website: http://www.parliament.go.ke
Bunge Library: https://libraryir.parliament.go.ke
Contact: library@parliament.go.ke | Tel no: (254-2)2221291 or 2848000 Ext 5043